Příčiny mexické finanční krize

Ekonomická situácia v Mexiku koncom r. 1994. Strnulá a jednostranná makroekonomická politika mexickej vlády. Nevýhodná štruktúra kapitálu. Dopad finančnej krízy na mexické hospodárstvo a obyvateľstvo. Poučenie z krízy pre budúci vývoj mexického hospodárstva.

Saved in:
Bibliographic Details
Main Author: Griffith-Jonesová, Š.
Format: Book Chapter
Language:Czech
Subjects:
Tags: Add Tag
No Tags, Be the first to tag this record!

MARC

LEADER 00000naa a2200000 4500
001 r024692
005 20221208130813.1
041 0 |a cze 
044 |a CZ 
245 1 0 |a Příčiny mexické finanční krize  |c Š. Griffith-Jonesová 
520 |a Ekonomická situácia v Mexiku koncom r. 1994. Strnulá a jednostranná makroekonomická politika mexickej vlády. Nevýhodná štruktúra kapitálu. Dopad finančnej krízy na mexické hospodárstvo a obyvateľstvo. Poučenie z krízy pre budúci vývoj mexického hospodárstva. 
610 2 0 |a kríza finančná 
610 2 0 |a vývoj hospodársky 
610 2 0 |a politika hospodárska 
610 2 0 |a kapitál 
610 2 0 |a Mexiko 
610 2 0 |a 1994 
100 1 |a Griffith-Jonesová, Š.